Normal view
MARC view
- Intercultural communication.
Entry Topical Term
001 - CONTROL NUMBER
- control field: 33613
003 - CONTROL NUMBER IDENTIFIER
- control field: OSt
005 - DATE AND TIME OF LATEST TRANSACTION
- control field: 20130909142752.0
008 - FIXED-LENGTH DATA ELEMENTS
- fixed length control field: 130909|| aca||aabn | a|a d
040 ## - CATALOGING SOURCE
- Original cataloging agency: OSt
- Transcribing agency: OSt
150 ## - HEADING--TOPICAL TERM
- Topical term or geographic name as entry element: Intercultural communication.
670 ## - SOURCE DATA FOUND
- Source citation: Work cat.: (OSt)0: Seargeant, Philip. 33611, Exploring world Englishes :, 2012.